Statistiques concernant Intercommunalité de l'Ain

Cliquez ici pour prendre le quiz!

Statistiques générales

  • Ce quiz a été pris 15 fois
  • Le résultat moyen est 6 sur 14

Statistiques - réponses

Nombre de communesIntercommunalités% Correct
74Communauté d'Agglomération du Bassin de Bourg-en-Bresse
92%
27Communauté d'Agglomération du pays de Gex
92%
42Haut-Bugey Agglomeration
75%
42Communauté de communes Bugey Sud
58%
12Communauté de communes du Pays Bellegardien
58%
36Communauté de communes de la Dombes
42%
06Communauté de communes de Miribel et du Plateau
42%
09Communauté de communes de la Côtière à Montluel
33%
53Communauté de communes de la plaine de l'Ain
33%
19Communauté de communes Dombes Saône Vallée
33%
20Communauté de communes Bresse et Saône
17%
18Communauté de communes de la Veyle
17%
14Communauté de communes Rives de l'Ain - Pays du Cerdon
17%
15Communauté de communes Val-de-Saône Centre
0%

Distribution des résultats

Percentile par nombre de réponses

% des personnes avec chaque résultat

Votre développement - résultats

Vous n’avez pas pris ce quiz